Представление документа в формате MARC21

Поле Инд. ПП Название Значение
Тип записи m
Библиографический уровень m
001 Контрольный номер RU/IS/BASE/312647522
005 Дата корректировки 20240318143721.7
008 Кодируемые данные 20091127
020 a ISBN 5-7975-0623-8
040 b Код языка каталог. rus
e Правила каталог. PSBO
041 0_ a Код языка текста rus
084 a Индекс другой классификации/Индекс ББК 67.400(2Рос)я73; 67.400.7(2Рос)я73; 67.401(2Рос)я73; 67.401.02(2Рос)я73; 65.050.14я73; 65.050.11я73; 67.0я73; 67.400.5я73; 67.400.6(2Рос)я73; 65.050.23я73
100 1_ a Автор Чиркин В. Е.
245 10 a Заглавие Государственное и муниципальное управление
b Продолж. заглавия учебник
260 a Место издания Москва
c Дата издания 2003
b Издательство Юристъ
300 a Объем 320 с.
336 a Термин вида содержания Текст
337 a Термин типа средства электронный
521 0_ a Примеч. о целев. назн. студенты
650 14 a Основная рубрика конституционное право (государственное право)
a Основная рубрика право
653 1_ a Ключевые слова автономия
a Ключевые слова административная автономия
a Ключевые слова административное управление
a Ключевые слова административно-политическая сфера
a Ключевые слова административно-территориальное деление
a Ключевые слова административно-территориальные единицы
a Ключевые слова администрирование
a Ключевые слова вооруженные силы
a Ключевые слова глава муниципального образования
a Ключевые слова государственная власть
a Ключевые слова Государственная дума
a Ключевые слова государственная служба
a Ключевые слова государственное управление
a Ключевые слова государственные образования
a Ключевые слова государственные организации
a Ключевые слова государственные органы
a Ключевые слова государственные служащие
a Ключевые слова государственный аппарат
a Ключевые слова государственный контроль
a Ключевые слова государственный надзор
a Ключевые слова государственный режим
a Ключевые слова государство
a Ключевые слова гражданин
a Ключевые слова гражданское общество
a Ключевые слова гражданско-правовая ответственность
a Ключевые слова демократия
a Ключевые слова должностное лицо
a Ключевые слова законодательная власть
a Ключевые слова законодательный процесс
a Ключевые слова идеология
a Ключевые слова исполнительная власть
a Ключевые слова исполнительные органы
a Ключевые слова коллектив
a Ключевые слова Куба
a Ключевые слова легализация
a Ключевые слова легитимация
a Ключевые слова лидерство
a Ключевые слова личность
a Ключевые слова межотраслевое государственное управление
a Ключевые слова менеджмент
a Ключевые слова местное самоуправление
a Ключевые слова местный референдум
a Ключевые слова муниципальная служба
a Ключевые слова муниципальное управление
a Ключевые слова муниципальные выборы
a Ключевые слова муниципальные образования
a Ключевые слова муниципальные служащие
a Ключевые слова народная правотворческая инициатива
a Ключевые слова образование
a Ключевые слова общество
a Ключевые слова органы законодательной власти
a Ключевые слова органы местного самоуправления
a Ключевые слова ответственность
a Ключевые слова парламент
a Ключевые слова парламентарии
a Ключевые слова политическая ответственность
a Ключевые слова Правительство РФ
a Ключевые слова представительные органы
a Ключевые слова Президент РФ
a Ключевые слова президентская власть
a Ключевые слова Прокуратура РФ
a Ключевые слова прокурорский надзор
a Ключевые слова публичная власть
a Ключевые слова регулятивные нормы
a Ключевые слова референдум
a Ключевые слова Российская Федерация
a Ключевые слова Россия
a Ключевые слова Совет Федерации РФ
a Ключевые слова социальная сфера
a Ключевые слова статус личности
a Ключевые слова стиль руководства
a Ключевые слова страны мира
a Ключевые слова судебная власть
a Ключевые слова судебная система
a Ключевые слова сфера культуры
a Ключевые слова сфера личных отношений
a Ключевые слова США
a Ключевые слова территориальная автономия
a Ключевые слова территориальное общественное самоуправление
a Ключевые слова территория
a Ключевые слова уголовная ответственность
a Ключевые слова управленческая деятельность
a Ключевые слова функции государства
a Ключевые слова экономическая сфера
a Ключевые слова Япония
655 a Жанр/ форма (устаревшее) учебное пособие
856 40 a Имя сервера/домена Библиотечная система Университета "Дубна"
d Путь http://lib.uni-dubna.ru/MegaPRO/Web
i Указания/сценарий входа Доступ по номеру читательского билета и фамилии читателя
u URL http://lib.uni-dubna.ru/MegaPro/UserEntry?Action=FindDocs&ids=126524&idb=ec_110
y Справочный текст Электронная версия
900 a Имя электронного ресурса Cirkin_V.E._Gosudarstvennoe_i_municipalnoe_upravlenie
x Справочная информация Полный текст
900 a Имя электронного ресурса obl_Tshirkin_GMU
x Справочная информация Обложка
901 t Тип документа 0
952 a Тип литературы для КСУ ВШ УИ